Loading...
| Literature - British | 0 | 6 | 0 | 0 | 60 | 53 | 98.50 | 3 | 6 | 17.39 | 43.33 |
| Literature - World/Other | 0 | 5 | 0 | 0 | 50 | 58 | 88.00 | 2 | 5 | 18.82 | 36.67 |
| Literature - American | 0 | 5 | 1 | 1 | 45 | 66 | 100.40 | 2 | 5 | 14.88 | 30.00 |
| History - Other | 0 | 5 | 1 | 3 | 45 | 50 | 94.80 | 1 | 5 | 10.50 | 26.67 |
| Fine Arts - Visual | 0 | 4 | 0 | 2 | 40 | 57 | 100.50 | 1 | 4 | 9.32 | 23.33 |
| Social Science | 0 | 2 | 0 | 1 | 20 | 27 | 79.00 | 1 | 2 | 7.71 | 13.33 |
| Mythology | 0 | 2 | 0 | 0 | 20 | 53 | 87.50 | 0 | 2 | 7.32 | 10.00 |
| Philosophy | 0 | 2 | 1 | 1 | 15 | 111 | 115.50 | 0 | 2 | 1.54 | 10.00 |
| Fine Arts - Other | 0 | 2 | 1 | 0 | 15 | 85 | 108.00 | 1 | 2 | 2.64 | 10.00 |
| Pop Culture | 0 | 1 | 0 | 0 | 10 | 42 | 42.00 | 0 | 1 | 34.21 | 33.33 |
| Literature - European | 0 | 2 | 2 | 0 | 10 | 97 | 97.50 | 1 | 2 | 4.98 | 16.67 |
| History - World | 0 | 1 | 1 | 0 | 5 | 45 | 45.00 | 1 | 1 | 6.43 | 6.67 |
| Geography/Current Events | 0 | 1 | 1 | 1 | 5 | 126 | 126.00 | 0 | 1 | -0.13 | 5.56 |
| History - European | 0 | 1 | 1 | 1 | 5 | 131 | 131.00 | 0 | 1 | 0.00 | 3.33 |
| Religion | 0 | 0 | 1 | 0 | -5 | 0.00 | 0 | 0 | 0.00 | 0.00 |